00000000nam##2200000za#4500
0019.679891
003CaOODSP
00520241105150736
007ta
008150407|1996||||xxc|||||     f|0| 0 fre|d
040 |aCaOODSP|bfre
043 |an-cn---
0861 |aRG42-6/1996F
1102 |aOffice de la propriété intellectuelle du Canada.
24510|aL'examen des marques de commerce: le manuel des marchandises et services
260 |aOttawa - Ontario : |bIndustrie Canada. |c1996.
300 |aix, 431p. ; |c30 cm.
500 |a«Le manuel renferme les descripteurs de marchandises et de services qui seront acceptés par la Direction des marques de commerce de l'Office de la propriété intellectuelle du Canada. Le fait d'utiliser ces descripteurs pourrait permettre à des demandeurs d'éviter de se voir soulever des objections à l'égard des marchandises et (ou) des services figurant dans leurs demandes d'enregistrement.»--Comment utiliser le manuel des marchandises et services.
5203 |aCe manuel donne tous les descripteurs des marchandises et services qui seront acceptés par le Bureau des marques de commerce de l'Office de la propriété intellectuelle du Canada, y compris ceux absents des listes établies. Le fait d'utiliser ces descripteurs pourrait permettre à des demandeurs d'éviter de voir se soulever des objections à l'égard des marchandises ou des services figurant dans leurs demandes d'enregistrement.
563 |aFeuilles mobiles
590 |a96-38|b1996-09-20
69107|aMarque de commerce|2gcpds
77508|tTrade-marks examination: wares and services manual |w(CaOODSP)9.646335